Forest management (Record no. 63228)

MARC details
000 -LEADER
fixed length control field 01069nam a2200217 a 4500
008 - FIXED-LENGTH DATA ELEMENTS--GENERAL INFORMATION
fixed length control field 120416s1986 ||||||||||||||||| || u
020 ## - INTERNATIONAL STANDARD BOOK NUMBER
International Standard Book Number 0070326258
050 ## - LIBRARY OF CONGRESS CALL NUMBER
Classification number SD 431 Dav
100 ## - MAIN ENTRY--PERSONAL NAME
Personal name Davis, Lawrence S
245 10 - TITLE STATEMENT
Title Forest management
250 ## - EDITION STATEMENT
Edition statement 3rd ed.
260 ## - PUBLICATION, DISTRIBUTION, ETC.
Place of publication, distribution, etc. New York
Name of publisher, distributor, etc. McGraw-Hill
Date of publication, distribution, etc. 1986
300 ## - PHYSICAL DESCRIPTION
Extent x, 790p. : ill.
350 ## -
-- 0.00
650 ## - SUBJECT ADDED ENTRY--TOPICAL TERM
Topical term or geographic name entry element FORESTRY
650 ## - SUBJECT ADDED ENTRY--TOPICAL TERM
Topical term or geographic name entry element FOREST MANAGEMENT--STANDARDS
995 ## -
-- MAIN LIBRARY OPEN ACCESS
-- 0.00
-- 717333
-- CBU-MAIN LIBRARY (Kitwe)
-- 2
-- 49.50
-- SD 431 Dav
-- 1
-- AVAILABLE
-- 013361
-- Main Library Open Access Collection
995 ## -
-- MAIN LIBRARY OPEN ACCESS
-- 0.00
-- 025366
-- CBU-MAIN LIBRARY (Kitwe)
-- 1
-- 49.50
-- SD 431 Dav
-- 3
-- AVAILABLE
-- 025366
-- Main Library Open Access Collection
995 ## -
-- MAIN LIBRARY OPEN ACCESS
-- 0.00
-- 727490
-- CBU-MAIN LIBRARY (Kitwe)
-- 3
-- 49.50
-- SD 431 Dav
-- 4
-- AVAILABLE
-- 025365
-- Main Library Open Access Collection
995 ## -
-- MAIN LIBRARY OPEN ACCESS
-- 0.00
-- 717332
-- CBU-MAIN LIBRARY (Kitwe)
-- 4
-- 49.50
-- SD 431 Dav
-- 2
-- AVAILABLE
-- 013362
-- Main Library Open Access Collection
999 ## -
-- 63228
-- 63228
Holdings
Withdrawn status Lost status Source of classification or shelving scheme Damaged status Not for loan Permanent Location Current Location Shelving location Date acquired Total Checkouts Full call number Barcode Date last seen Price effective from Koha item type
          CBU-MAIN LIBRARY, KITWE. CBU-MAIN LIBRARY, KITWE.   12/24/2022   SD 431 Dav 013361 12/24/2022 12/24/2022 MONOGRAPH
          CBU-MAIN LIBRARY, KITWE. CBU-MAIN LIBRARY, KITWE.   12/24/2022   SD 431 Dav 025366 12/24/2022 12/24/2022 MONOGRAPH
          CBU-MAIN LIBRARY, KITWE. CBU-MAIN LIBRARY, KITWE.   12/24/2022   SD 431 Dav 025365 12/24/2022 12/24/2022 MONOGRAPH
          CBU-MAIN LIBRARY, KITWE. CBU-MAIN LIBRARY, KITWE.   12/24/2022   SD 431 Dav 013362 12/24/2022 12/24/2022 MONOGRAPH